| 000 | 00620nam a2200169Ia 4500 | ||
|---|---|---|---|
| 008 | 090711s9999 xx 000 0 und d | ||
| 082 | _b723 | ||
| 100 | _aपटवर्धन राम | ||
| 245 | _aभारतीय वेध-पध्दति | ||
| 260 |
_bपटवर्धन रघुनाथशास्त्री मोरेश्वर. _c1937 |
||
| 300 | _a104 | ||
| 600 | _aपटवर्धन राम | ||
| 630 | _aभारतीय वेध-पध्दति | ||
| 700 | _aपटवर्धन राम | ||
| 730 | _aभारतीय वेध-पध्दति | ||
| 942 | _cBOOK | ||
| 999 |
_c306954 _d306954 |
||